00939nam a2200205Ia 4500008004100000020001500041041001200056082001600068100001200084245005500096250000800151260002500159300000800184650001600192942000700208999001500215952016100230952017100391952017100562221030s9999 xx 000 0 und d a8120310373 aEnglish a105.23bAbe aP. Abel 0aIBM PC Assembly Language & Programmingcby P. Abel a3rd bPHIaNew Delhic2001 a592 aBE Computer cBK c7743d7743 pBE 4621g195.00l0o105.23 Aber2024-06-13 00:00:00w2022-10-30yBK003Print4071aMIETLIBbMIETLIBcBL-Second, FL-1, CUP-58, SH-3, R-3d2002-01-0110HBE pBE 4622g195.00l0o105.23 Aber2024-06-13 00:00:00w2022-10-30yBK003Print4070aMIETLIBbMIETLIBcBL-Academic Block C, FL-2, CUP-48, SH-2, R-2d2002-01-0110HBE pBE 4623g195.00l0o105.23 Aber2024-06-13 00:00:00w2022-10-30yBK003Print4070aMIETLIBbMIETLIBcBL-Academic Block C, FL-2, CUP-48, SH-2, R-2d2002-01-0110HBE